000 01156cam a2200313 a 4500
999 _c127623
_d127623
001 4000421
003 ARRUPE
005 20180314124656.0
008 961023s1997 nyu b 001 0 eng
010 _a 96047290
020 _a0887308392
040 _aDLC
_cDLC
_dDLC
050 0 0 _aHD57.7
_b.B46 1997
082 0 0 _a658.4/092
_221
100 1 _aBennis, Warren G.
_940565
245 1 0 _aLeaders :
_bstrategies for taking charge /
_cWarren Bennis & Burt Nanus.
250 _a2nd ed.
260 _aNew York :
_bHarperBusiness,
_c1997.
300 _axvii, 235 p. ;
_c21 cm.
504 _aIncludes bibliographical references (p. 221-225) and index.
650 0 _aLeadership.
_96573
650 0 _aExecutive ability.
_940566
700 1 _aNanus, Burt.
_940567
856 4 2 _3Publisher description
_uhttp://www.loc.gov/catdir/description/hc044/96047290.html
906 _a7
_bcbc
_corignew
_d1
_eocip
_f19
_gy-gencatlg
942 _2lcc
_cMONOGRAPH